LDR 00909naa#a2200169#i#450# 001 RU\\bibl\19504 005 20260516032942.6 100 ## _a20260515b2026####ek#y0rusy0150####ca 102 ## _aRU 200 1# _aПРАКТИКА ВЫРАЩИВАНИЯ ПОСАДОЧНОГО МАТЕРИАЛА С ЗКС С ПРИМЕНЕНИЕМ РАЗЛИЧНЫХ ТЕХНОЛОГИЙ _eСтатья/тезисы конференции 210 1# _aВоронеж _cВоронежский государственный лесотехнический университет имени Г.Ф. Морозова _d2026 215 ## _a5 с. 608 ## _aСтатья/тезисы конференции _2local 675 ## _aУсловия существования растений. 630.181 _z 700 #1 _aШовкун _gВиктория Александровна 700 #1 _aЦепляев _gАлексей Николаевич 856 4# _abibl.vgltu.ru _u